| 000 | 00471nam a22001697a 4500 | ||
|---|---|---|---|
| 005 | 20160523135321.0 | ||
| 008 | 160523b xxu||||| |||| 00| 0 eng d | ||
| 020 | _a0-07-0486379 | ||
| 041 | _aeng | ||
| 082 | _b4304 | ||
| 100 |
_aO'Brien, James A _91049 |
||
| 245 | _aManagement Information Systems Managing Information Technology in the E Business enterprise | ||
| 260 |
_aNew Delhi _bAcademic Faundation |
||
| 300 | _a530 | ||
| 650 |
_aManagement _9241 |
||
| 942 | _cBK | ||
| 999 |
_c1452 _d1452 |
||